000
00211 a2200097 4500
001
47470
100
_a
Collier B
245
_a
The battle of Britain
260
_a
London
_b
BT batsford
_c
090
_c
30493
_d
30493
942
_a
NUST-CAE
_c
M
_c
22773
999
_c
282543
_d
282543